| 000 | 00934nam a2200253 a 4500 | ||
|---|---|---|---|
| 001 | 000036829 | ||
| 005 | 20200930075948.0 | ||
| 008 | 120201s1989 sp ac 000 0 spa d | ||
| 020 | _a847592167 | ||
| 040 |
_aDO-SdBNP _bspa _cBNPHU |
||
| 082 | _axxxx | ||
| 240 | 0 | 0 |
_aGiving emergency care competently _lEspañol |
| 245 | 0 | 0 |
_aSituaciones de urgencia inmediata. / _ccolaborador Joy P. Clausen; traducción de la edicción original Rosa Ma. Castellsagué; prólogo P. Vilagrasa y M. Peya. |
| 260 |
_aBarcelona : _bEdiciones Doymas, _c1989. |
||
| 300 |
_a192 p. : _bils., retr. ; _c24 cm. |
||
| 490 | 1 | _aAtención integral en enfermería | |
| 500 | _aTraducido del inglés | ||
| 504 | _aBibliografía : p. 180 | ||
| 700 | 1 |
_aClausen, Joy P. _963163 |
|
| 700 | 1 |
_aCastellsagué, Rosa Ma., _etr. _963164 |
|
| 700 | 1 |
_aVilagrasa, P. _epról. _963165 |
|
| 700 | 1 |
_aPeya, M. _963166 |
|
| 830 | 0 |
_aAtención integral en enfermería _962529 |
|
| 999 |
_c36320 _d36320 |
||